|
|
|
|
| LEADER |
00000nab a2200000 a 4500 |
| 001 |
vtls000117980 |
| 003 |
SK-MaSNL |
| 005 |
20260305015546.0 |
| 008 |
220422c1982 xo 0 slo |
| 015 |
|
|
|a SNBRB19rr/mm-uuuuu
|
| 035 |
|
|
|a CL0128085
|
| 040 |
|
|
|a SNKBUCL
|b slo
|c SNKBUCL
|e AACR2
|
| 041 |
0 |
|
|a slo
|
| 044 |
|
|
|a xo
|c SK
|
| 080 |
|
|
|a 341.1/.8
|2 1981
|
| 080 |
|
|
|a 327.3
|2 1981
|
| 080 |
|
|
|a 327(100-12)(47
|2 1981
|
| 100 |
1 |
|
|a (merkl)
|4 aut
|9 923834
|
| 245 |
1 |
0 |
|a Otvorená reč faktorov
|b K tlačovej konferencii Andreja Gromyka v New Yorku
|c (merkl)
|
| 610 |
2 |
7 |
|a Organizácia spojených národov
|2 SNKKA
|9 84034
|
| 650 |
0 |
7 |
|a odzbrojenie
|2 snkbucl
|9 1721
|
| 650 |
0 |
7 |
|a boj za mier
|2 snkbucl
|9 308624
|
| 655 |
|
7 |
|a články z novín a časopisov
|2 snkbucl
|9 267496
|
| 773 |
0 |
|
|t Práca
|g Roč. 37, č. 146 (24. 6. 1982), s. 3
|
| 850 |
|
|
|a Slovenská národná knižnica v Martine
|a MTA001
|
| 852 |
|
|
|a SNK
|b KIS3GCP
|
| 958 |
|
|
|a RK
|
| 958 |
|
|
|a ME
|
| 992 |
|
|
|a RBX
|
| 999 |
|
|
|c 3275863
|d 3277793
|